000 00487nam a2200205Ia 4500
003 OSt
005 20251206091541.0
008 210210b2013 xxu||||| |||| 00| 0 eng d
020 _a9781447231172
040 _cAL
041 _aeng
082 _a823.914 ARCB
100 _aJeffrey Archer
_9248022
245 _aBest kept secret
260 _aLondon
_bMacmillan Publishers Ltd.
_c2013
300 _a381
690 _aEnglish Fiction
_9248026
906 _a069834
942 _2ddc
_cBK
999 _c119393
_d119393